000 00243nam a2200097Ia 4500
008 230915s9999 xx 000 0 und d
050 _aQA184.L39 1996
100 _aDAVID C.LAY
245 0 _aLINEAR ALGEBRA AND ITS APPLICATIONS
942 _cBK
999 _c186554
_d186554